000 00471nam a2200145Ia 4500
008 100204s9999 xx 000 0 und d
082 _b11587
100 _aथोरे अशोक श्रीधर
245 _aगोल्डन टास्क
260 _b"आशिष प्रकाशन, पुणे"
_c1989
300 _a159
630 _aगोल्डन टास्क
730 _aगोल्डन टास्क
942 _cBOOK
999 _c456023
_d456020